| LEADER |
01275ngm0a2200217 450 |
| 001 |
16847808 |
| 100 |
|
|
|a 20241129d2025 u u0frey01 ba
|
| 101 |
1 |
|
|a eng
|c eng
|
| 102 |
|
|
|a US
|
| 200 |
0 |
|
|a robot sauvage (Le)
|d The Wild Robot
|f Chris Sanders, réal.
|g Peter Brown, adapt. - Kris Bowers, comp. - Chris Sanders, scénario
|
| 207 |
|
1 |
|a
|
| 210 |
|
|
|a Etats-Unis
|c Universal pictures vidéo
|d 2025
|
| 215 |
|
|
|a 1 DVD vidéo monoface zone 2 (1 h 38 min)
|c 2.39:1, 16/9, coul., (PAL), Son. (Dolby Digital 2.0; français); (Dolby Digital 5
|
| 300 |
|
|
|a Langues principales : anglais, français, néerlandais; Sous-titres : français, néerlandais
|
| 330 |
|
|
|a Le Robot sauvage suit l'incroyable épopée d'un robot - l'unité ROZZUM 7134 alias Roz - qui, après avoir fait naufrage sur une île déserte, doit apprendre à s'adapter à un environnement hostile en nouant petit à petit des relations avec les animaux de l'île. Elle finit par adopter le petit d'une oie, un oison, qui se retrouve orphelin.
|
| 700 |
|
0 |
|a Sanders
|b Chris
|4 370
|
| 702 |
|
0 |
|a Brown
|b Peter
|f 1979-....
|4 100
|
| 702 |
|
0 |
|a Bowers
|b Kris
|4 230
|
| 900 |
|
|
|a Film Animation
|
| 901 |
|
|
|a Accessible au prêt
|
| 995 |
|
|
|a Bibliothèque
|c Bibliothèque
|f 00156010549160
|h 00156010549160
|k EA ROB
|o p
|q a
|r gd
|e Bibliothèque
|